000 00607cam a2200229 4500
001 M1864
008 090401t1994 xxu||||| |||| 00| 0 eng d
035 _a(Sirsi) u34949
041 _aeng
050 _a333.330973
110 _aCounselors of Real Estate
_930
245 4 _aThe Counselors of Real Estate 1994 member directory.
260 _aChicago
_bCounselors of Real Estate
_c1994
300 _axii,171p. ; 28cm.
350 _a0
650 _aDIRECTORIES
650 _aREAL ESTATE
650 _aUNITES STATES OF AMERICA
690 _aRATING AND VALUATION
942 _n0
948 _c04/03/1997
999 _c90013
_d90013